| Record ID | ia:vampirecity0000cain |
| Source | Internet Archive |
| Download MARC XML | https://archive.org/download/vampirecity0000cain/vampirecity0000cain_marc.xml |
| Download MARC binary | https://www.archive.org/download/vampirecity0000cain/vampirecity0000cain_meta.mrc |
LEADER: 06577cam 2200769Ma 4500
001 ocn999735158
003 OCoLC
005 20210115021022.0
008 110909m20109999fr 000 1 fre d
040 $aCHBCC$bfre$cCHBCC$dCHRRO$dOCLCQ
020 $a9782012019294$q(Tome 1)
020 $a2012019293
020 $a9782012020009$q(Tome 2)
020 $a2012020003
020 $a9782012020016$q(Tome 3)
020 $a2012020011
020 $a9782012021297$q(Tome 4)
020 $a2012021298
020 $a9782012028661$q(Tome 5)
020 $a2012028667
020 $a9782012031043$q(Tome 6)
020 $a2012031048
020 $a9782012035300$q(Tome 7)
020 $a2012035302
020 $a9782012035317$q(Tome 8)
020 $a2012035310
020 $a9782012042339$q(Tome 9)
020 $a2012042333
035 $a(OCoLC)999735158
041 1 $afre$heng
072 7 $as1an$2rero
100 1 $aCaine, Rachel.
245 10 $aVampire city /$cRachel Caine ; trad. de l'anglais (Etats-Unis) par Alice Delarbre.
260 $aParis :$bHachette,$c2010-
300 $avolumes 1-
336 $atexte$btxt$2rdacontent/fre
337 $asans médiation$bn$2rdamedia/fre
338 $avolume$bnc$2rdacarrier/fre
490 0 $aBlack moon
505 0 $aTome 1. -- 2010. -- 358 p. -- Trad. de : Glass houses
505 0 $aTome 2. -- 2011. -- 357 p. -- Trad. de : The dead girls' dance
505 0 $aTome 3. -- 2011. -- 356 p. -- Trad. de : Midnight alley
505 0 $aTome 4. -- 2011. -- 354 p. -- Trad. de : Midnight alley
505 0 $aTome 5. -- 2012. -- 358 p. -- Trad. de : Lord of Misrule
505 0 $aTome 6. -- 2012. -- 348 p. -- Trad. de : Carpe Corpus
505 0 $aTome 7. -- 2013. -- 361 p. -- Trad. de : Fade out
505 0 $aTome 8. -- 2013. -- 349 p. -- Trad. de : Kiss of death
505 0 $aTome 9. -- 2014. -- 381 p. -- Trad. de : Ghost Town
520 8 $aA Morganville, le règne du démoniaque Bishop a pris fin. C'est le retour de l'harmonie entre les humains et les vampires, qui ont fait d'importantes concessions. C'est le début d'une nouvelle vie, une vie où chacun semble vraiment libre, dans une ville où Claire et ses amis commenceraient presque à se sentir à l'aise ... Mais, lorsque Kim, la nouvelle amie d'Eve, disparaît tandis qu'elle travaille sur un court métrage, il y a de quoi craindre le pire. En se lançant sur sa piste, Claire et Eve vont se rendre compte que ce projet de documentaire, mettant en scène les vampires, cache un programme bien dangereux.
520 8 $aClaire est le souffre-douleur de la reine de la fac de Morganville. Pour fuir le campus universitaire, elle s'installe dans une étrange maison déjà habitée par Eve la gothique, Shane le dur au coeur tendre, et Michael le musicien noctambule. Grâce à eux, elle découvre que les vampires règnent sur Morganville. Entre amitié et amour, les quatre colocataires vont devoir unir leurs forces pour lutter contre la menace grandissante ...
520 8 $aL'ambiance de la maison des Glass est à l'orage. En devenant vampire, Michael a perdu la confiance de Shane. De son côté, Claire garde des secrets dangereux : Amelie, le vampire le plus ancien et le plus puissant de Morganville, l'oblige à travailler avec l'un de ses amis, vieux et malade, pour trouver un remède, et Claire n'a pas avoué à Shane, Michael et Eve qu'elle était désormais sous la Protection d'Amelie. Et quand bien même, cette Protection est-elle suffisante face à la vague de crime qui ébranle la ville?
520 8 $aLes vampires voient d'un mauvais oeil le retour à Morganville de Frank Collins, le père de Shane. Ce dernier est déchiré entre sa loyauté envers son père et son amitié pour Claire, Eve et Michael. Car la soif de vengeance de Frank risque de compromettre la protection des colocataires face aux vampires, à grand peine contenus par leur alliée Amelie. Mais lorsque les vampires enlèvent Shane pour tendre un piège à son père, Claire et ses amis vont devoir mettre tout en oeuvre pour le sauver ...
520 8 $aLittérature jeunesse : roman fantastique, vampire
520 8 $aMichael a été contacté par un producteur de disques. Et il a obtenu la permission de quitter Vampire City avec Eve, Claire et Shane! Même s'il ne s'agit que d'un répit de quelques jours, Claire et ses amis sont ravis ...
520 8 $aMorganville : l'équilibre précaire entre humains et vampires a été balayé par l'arrivée fracassante du cruel Bishop, le père de la Fondatrice. La guerre est inévitable. Oliver, ce vampire sans scrupule qui, la veille encore, rêvait de détrôner Amelie, la Fondatrice, est venu lui prêter main-forte. Claire Danvers n'a plus le choix. Il lui faut s'en remettre à Oliver, en qui elle n'a pourtant aucune confiance, et à Myrnin, son patron aux dents longues qui sombre peu à peu dans la folie. Car l'impensable s'est produit. Les humains ne peuvent même plus compter sur la Fondatrice pour les protéger. Elle a disparu ... Morganville est une ville plongée dans la tourmente. Claire a-t-elle une chance d'en réchapper?
520 8 $aMorganville : petite cité du Texas où vampires et humains vivent en harmonie. Ou presque ... Quand M Bishop, vampire de son état depuis des siècles, débarque en ville, les humains n'ont jamais couru un si grand danger. Amelie, la Fondatrice, voit le nouveau venu d'un mauvais oeil. La reine blanche avance une ses pièces pour mettre le roi noir en échec. Claire Danvers n'est qu'un de ses pions. Marionnette entre les mains d'Amelie, Claire aussi protéger ses parents qui ont eu la riche idée de s'installer à Morganville ... Elle n'est pas au de ses peines! Entre reine blanche et roi noir, la partie s'annonce serrée.
520 8 $aÀ Morganville, les règles du jeu ont changé. Bishop, le plus terrible des vampires, a pris le pouvoir et avec lui toutes les sangsues de la ville. Même Michael s'est associé au diabolique Bishop. Claire, elle, va tout faire pour sortir de ses griffes et délivrer Shane. Dans l'ombre, la résistance s'organise, il faut empêcher la destruction totale. Vampires et humains pourront-ils, un jour, recommencer à vivre ensemble?
521 $aAdolescents
521 $aAdolescents (12-15 ans)
650 7 $aVampires.$2rero
650 7 $aAmitié.$2rero
655 7 $a[Fantasy]$2rero
655 7 $a[Fictions]$2rero
655 7 $a[Ouvrages pour la jeunesse]$2rero
700 1 $aDelarbre, Alice.
994 $aZ0$bP4A
948 $hNO HOLDINGS IN P4A - 6 OTHER HOLDINGS